LEADER 01106nas 2200409-a 450 001 996321403703316 005 20210831213017.0 035 $a(OCoLC)513442366 035 $a(CKB)1000000000804376 035 $a(CONSER)--2010243789 035 $a(DE-599)ZDB2577647-2 035 $a(EXLCZ)991000000000804376 100 $a20100215b20092016 --- - 101 0 $aeng 135 $aur||||||||||| 181 $ctxt$2rdacontent 182 $cc$2rdamedia 183 $acr$2rdacarrier 200 00$aJournal of pediatric sciences 210 $aTurkey $cJournal of Pediatric Sciences 300 $aRefereed/Peer-reviewed 311 $a1309-1247 517 3 $aJPS 531 1 $aJ pediatr sci 606 $aPediatrics$vPeriodicals 606 $aPediatrics$2fast$3(OCoLC)fst01056503 606 $aPediatrics 608 $aPeriodicals.$2fast 608 $aPeriodical. 610 $aPediatrics 615 0$aPediatrics 615 7$aPediatrics. 615 12$aPediatrics. 906 $aJOURNAL 912 $a996321403703316 996 $aJournal of pediatric sciences$92281652 997 $aUNISA LEADER 01356nas 22004333 450 001 996204084003316 005 20230227213019.0 035 $a(DE-599)ZDB2266059-8 035 $a(OCoLC)253890390 035 $a(CKB)110978977287440 035 $a(CONSER)--2015203824 035 $a(EXLCZ)99110978977287440 100 $a19970702a19979999 --- a 101 0 $aeng 135 $aur||||||||||| 181 $ctxt$2rdacontent 182 $cc$2rdamedia 183 $acr$2rdacarrier 200 00$aSocial thought & research 210 1$aLawrence, KS :$cUniversity of Kansas, Department of Sociology,$d[1997]- 300 $a"A continuation of the Mid-American Review of Sociology." 311 $a1094-5830 517 1 $aSocial thought and research 517 1 $aSTAR 517 1 $aMid-American review of sociology/social thought & research 517 1 $aMARS/Social thought & research 531 0 $aSoc. thought res. 606 $aSociology$vPeriodicals 606 $aSociology$2fast$3(OCoLC)fst01123875 608 $aCzasopismo socjologiczne.$2dbn 608 $aPeriodicals.$2fast 615 0$aSociology 615 7$aSociology. 676 $a301/.05 712 02$aUniversity of Kansas.$bDepartment of Sociology. 906 $aJOURNAL 912 $a996204084003316 996 $aSocial thought & research$92129019 997 $aUNISA LEADER 02662nam 2200409 450 001 9910796954403321 005 20230814223534.0 010 $a3-8325-9083-8 035 $a(CKB)4100000005387723 035 $a(MiAaPQ)EBC5473444 035 $a5c7aad7b-42e4-4b0e-b82c-7583b0dd2d03 035 $a(EXLCZ)994100000005387723 100 $a20180821d2018 uy 0 101 0 $ager 135 $aurcnu|||||||| 181 $ctxt$2rdacontent 182 $cc$2rdamedia 183 $acr$2rdacarrier 200 10$aAufgaben in der Allgemeinen Chemie $eZum Zusammenspiel von chemischem Versta?ndnis und Rechenfa?higkeit /$fLennart Kimpel 210 1$aBerlin :$cLogos Verlag,$d[2018] 210 4$d©2018 215 $a1 online resource (185 pages) $cillustrations 225 0 $aStudien zum Physik- und Chemielernen ;$v249 300 $aPublicationDate: 20180320 311 $a3-8325-4618-9 330 $aLong description: Die Klausuren der Studieneingangsphase, die Chemiestudierenden besonders Probleme bereiten, weisen einen hohen Mathematisierungsgrad auf. Bislang wurden die Probleme durch die Mathematisierung in der Chemie jedoch nur wenig untersucht. Es ist bekannt, dass ein chemischer Kontext zu einer starken Reduktion der Lösungswahrscheinlichkeit von Rechenaufgaben führt. Ein Fehlen von chemischem Verständnis wurde in diesem Zusammenhang ebenfalls festgestellt. In der vorliegenden Studie war daher die Identifikation verschiedener schwierigkeitserzeugender Faktoren bei der Bearbeitung chemischer Rechenaufgaben das Ziel. Durch die Verwendung verschiedener Tests (mathematische Fähigkeiten, chemisches Rechnen, Formelkenntnis, Erkennen der benötigten Formel sowie Fachwissen) konnten mehrere Problembereiche beschrieben werden: Entgegen einer weit verbreiteten Annahme waren die mathematischen Fähigkeiten der Studierenden für die Anforderungen der Allgemeinen Chemie ausreichend. Der Einsatz dieser Fähigkeiten in einem chemischen Zusammenhang bereitete jedoch Probleme. Hinzu kommen eine mangelnde Kenntnis und eine fehlerhafte Anwendung chemischer Formeln. Als stärkster Prädiktor für das erfolgreiche Bearbeiten einer chemischen Rechenaufgabe wurde das Verstehen der chemischen Zusammenhänge identifiziert. Zur weitergehenden Analyse wurden Begleitinstrumente herangezogen. 606 $aChemistry$xStudy and teaching 615 0$aChemistry$xStudy and teaching. 676 $a540.71 700 $aKimpel$b Lennart$01519210 801 0$bMiAaPQ 801 1$bMiAaPQ 801 2$bMiAaPQ 906 $aBOOK 912 $a9910796954403321 996 $aAufgaben in der Allgemeinen Chemie$93757199 997 $aUNINA